UBT Library

EVOLUTIONARY BIOLOGY (Record no. 60307)

000 -LEADER
fixed length control field 00329nam a22001457a 4500
008 - FIXED-LENGTH DATA ELEMENTS--GENERAL INFORMATION
fixed length control field 230911b ||||| |||| 00| 0 eng d
020 ## - INTERNATIONAL STANDARD BOOK NUMBER
International Standard Book Number 9780878931897
041 ## - LANGUAGE CODE
Language code of text/sound track or separate title eng
080 ## - UNIVERSAL DECIMAL CLASSIFICATION NUMBER
Edition identifier THIRD EDITION
Universal Decimal Classification number 573
082 ## - DEWEY DECIMAL CLASSIFICATION NUMBER
Classification number 573FUT
100 ## - Rafti
Rafti 16
101 ## - Shkurtesa
Shkurtesa BIO
245 ## - TITLE STATEMENT
Title EVOLUTIONARY BIOLOGY
Statement of responsibility, etc FUTUYMA.J.D
942 ## - ADDED ENTRY ELEMENTS (KOHA)
Source of classification or shelving scheme
Item type Books
Holdings
Withdrawn status Lost status Source of classification or shelving scheme Damaged status Not for loan Collection code Permanent location Current location Date acquired Total Checkouts Full call number Barcode Date last seen Price effective from Koha item type
          Koleksioni i përgjithshem UBT - Lipjan UBT - Lipjan 09/11/2023   573FUT 002-800070237 09/11/2023 09/11/2023 Books
UBT Library © 2015-2024. All rights reserved University Education for Business and Technology